00482nam a2200169Ia 450000100060000000800410000602000180004704000130006508200160007810000240009424500910011826000540020930000110026354600070027465000120028170000190029372270160401s9999 xx 000 0 und d a9780241186992 cPK-LaUMT a 306bRAP-M aRapalille, Clotaire aMove upbwhy some cultures advance and other don'tcRapalille, Clotaire|Roemer, Andres aChicago,USA:bAmerican Library Association,c2015 a304 p. aEN aCulture aRoemer, Andres